Coming out sul posto di lavoro Spunti di riflessione per i soci di network

Đã lưu trong:
Chi tiết về thư mục
Tác giả của công ty: Network Gay Leadership
Định dạng: Sách
Ngôn ngữ:Tiếng Anh
Được phát hành: Zurigo Network Gay Leadership
Các nhãn: Thêm thẻ
Không có thẻ, Là người đầu tiên thẻ bản ghi này!

MARC

LEADER 00000nam a2200000 4500
005 20240529194257.0
008 240529b |||||||| |||| 00| 0 eng d
040 |c GP 
110 |a Network Gay Leadership 
245 |a Coming out sul posto di lavoro  |b Spunti di riflessione per i soci di network 
260 |a Zurigo  |b Network Gay Leadership 
942 |2 ddc  |c BK  |n 0 
952 |0 0  |1 0  |2 ddc  |4 0  |6 331_000000000000000_NET  |7 1  |9 1328  |a RM  |b RM  |d 2024-05-29  |l 0  |o 331 NET  |p 160  |r 2024-05-29 19:43:15  |w 2024-05-29  |y BK 
999 |c 1225  |d 1225